República de Costa Rica 1998 - 2002

Uloženo v:
Podrobná bibliografie
Hlavní autor: Zamora Zumbado, Iris
Médium: Text
Vydáno: San José: s. ed.
Tagy: Přidat tag
Žádné tagy, Buďte první, kdo vytvoří štítek k tomuto záznamu!

MARC

LEADER 00000 a a2200000 04500
001 23405
003
040
090 |a R 162100  
100 |a Zamora Zumbado, Iris  
245 |a República de Costa Rica 1998 - 2002  
260 |a San José:   |b s. ed.  
300 |a 55 p   |b il.  
999 |c 16725  |d 16725